000 00660nam a2200265 a 4500
001 nice12345678
003 IN_TiNIC
005 20260116013033.0
008 050524s1975 isla grp 000 0 ara
020 _a
_c100
082 0 0 _a297.409
_bMAS
100 _aMasoodi, Mir Wali Khan
245 _aMaqsood-Ul-Momineen
260 _aIslamabad
_bIdara-I-Tahqeeqat-I-Islami
_c1975
300 _a374p
500 _aincludes index and biblioraphy
505 2 _aIndex
650 _aMysticism-Critique
650 _aTasavvuf-Critique
650 _aBayazid Ansari
700 1 _aMasoodi, Mir Wali Khan
902 _bSRS
942 _cBK
999 _c9375
_d9375